| 000 | 00568nam a2200169Ia 4500 | ||
|---|---|---|---|
| 003 | GCL | ||
| 008 | 140319s9999 xx 000 0 ara d | ||
| 040 |
_aGCL / _cGCL |
||
| 082 | 0 | 4 |
_a811.1 _bث ش |
| 100 | 1 | _aثعلب، ابو العباس احمد بن يحيى | |
| 245 | 1 | 0 |
_aشرح ديوان زهير بن ابى سلمى / _cثعلب، ابو العباس احمد بن يحيى |
| 490 | _a | ||
| 650 | 0 | 4 | _aالادب العربى |
| 650 | 0 | 4 | _aالشعر العربى - دواوين وقصائد |
| 650 | 0 | 4 | _aزهير بن ابى سلمى |
| 942 |
_2ddc _cBK |
||
| 999 |
_c41522 _d41522 |
||